| 000 | 00566cam a2200229ua 4500 | ||
|---|---|---|---|
| 020 | _cRs 15.00 | ||
| 041 |
_amal _h |
||
| 082 |
_a624.151 7 _bGEO/SU |
||
| 100 | _aGeorge , T V . | ||
| 245 |
_aSurvey / _cT V George. _hTextual Documents |
||
| 260 |
_aThiruvananthapuram : _bState Instititute of Languages , _c1974. |
||
| 300 | _a411 ; . | ||
| 365 | _aRs 15.00 | ||
| 504 | _a | ||
| 700 | 1 | _aVappicha , V N . | |
| 942 | _cBK | ||
| 999 |
_c377 _d377 |
||